000 00856nam a22002657a 4500
001 BR5500010
003 BR-BrBNA
005 20230928082948.0
007 ta
008 230509b bl.||||| |||| 00| 0 por d
040 _aBR-BrBNA
_bpor
_cBiblioteca Nacional de Agricultura
041 _a(Por)
072 _aF00
_b0331
090 _ 0331 BR5500010
110 1 _aBanco do Brasil S.A., Rio de Janeiro, GB. Carteira de Comercio Exterior
_91107
111 1 _aConcentracao de Produtores de Mamona e Oleo de Mamona
_cSalvador, BA (Brazil)
_d1 Sep 1955
245 1 _aA Mamona e o oleo da mamona. Problemas e solucoes economicas
260 3 _aRio de Janeiro, GB (Brasil):
_c1955.
300 _a220 p.
500 _a16 graphs.; 43 tables; 30 ref.
650 _aProducao vegetal
650 _aMamona
909 _a202309
_bLucia
_c55
_dLucia Elande
942 _cBK
999 _c10848
_d10848